Top 5 football leagues logo quiz - Statistics

General Stats
  • This quiz has been taken 91 times
  • The average score is 80 of 96
Answer Stats
Picture Answer % Correct
Paris Saint-Germain
100%
Chelsea
99%
Everton
99%
Internazionale
99%
Real Madrid
99%
Tottenham Hotspur
99%
Aston Villa
97%
Crystal Palace
97%
Napoli
97%
Arsenal
96%
Atlético Madrid
96%
Bayern München
96%
Brighton
96%
Nottingham forest
96%
AC Milan
95%
Atalanta
95%
Liverpool
95%
Manchester city
95%
Marseille
95%
Olympique Lyonnais
95%
Bayer Leverkusen
93%
Manchester United
93%
Bologna
92%
Celta vigo
92%
Juventus
92%
Lazio
92%
Newcastle
92%
Real Sociedad
92%
AS Monaco
91%
Bournemouth
91%
FC Köln
91%
Frankfurt
91%
Fullham
91%
Leeds United
91%
Lille
91%
Paris
91%
RB Leipzig
91%
Roma
91%
Wolverhampton
91%
Athletic Club
89%
Borussia Dortmund
89%
Hamburger SV
89%
Hoffenheim
89%
Sevilla
89%
Sunderland
89%
VFL Wolfsburg
89%
West Ham United
89%
Brentford
88%
Real Betis
88%
Getafe
87%
Stuttgart
87%
Torino
87%
Espanyol
85%
Valencia
85%
FC Union Berlin
84%
Fiorentina
84%
Girona
84%
Nice
84%
Burnley
81%
Como
81%
Mainz 05
81%
Villareal
81%
Barcalona
80%
Mallorca
80%
Nantes
80%
Strasbourg
80%
Werder Bremen
80%
RC Lens
79%
Freiburg
77%
Alavés
76%
Stade Rennes
76%
Monchengladbach
75%
Parma
73%
Rayo Vallecano
73%
Genoa
72%
Levante
72%
Osasuna
72%
Cagliari
71%
Lecce
71%
Stade Brestois
71%
St. Pauli
71%
Augsburg
69%
Hellas Verona
69%
Udinese
69%
Toulouse
68%
Heidenheim
67%
Sassuolo
67%
Auxerre
65%
Le Havre
64%
Metz
63%
Angers
61%
Lorient
59%
Elche
55%
Pisa
55%
Real Oviedo
52%
Cremonese
51%
No matching quizzes found
Score Distribution
Percent of People with Each Score
Percentile by Number Answered
Your Score History
You have not taken this quiz